Southville International School and Colleges
Your cart is empty.
  • Cart
  • Lists
    Public lists Eva Luna New books Lux_list list_1
    Your lists Log in to create your own lists
  • Log in to your account
  • Your cookies
  • Search history
Southville International School and Colleges
  • Advanced search
  • Recent comments
  • Most popular
  • Libraries

Log in to your account

Log in with GOOGLE


If you do not have an external account, but do have a local account, you can still log in:

  1. Home
  2. MARC view: Dacie and Lewis practical haematology /
Normal view MARC view ISBD view

Dacie and Lewis practical haematology / (Record no. 14096)

[ view plain ]
MARC details
000 -LEADER
fixed length control field 01245cam a22003494a 4500
003 - CONTROL NUMBER IDENTIFIER
control field OSt
005 - DATE AND TIME OF LATEST TRANSACTION
control field 20140310182528.0
008 - FIXED-LENGTH DATA ELEMENTS--GENERAL INFORMATION
fixed length control field 050909s2006 paua b 001 0 eng
010 ## - LIBRARY OF CONGRESS CONTROL NUMBER
LC control number 2005053767
020 ## - INTERNATIONAL STANDARD BOOK NUMBER
International Standard Book Number 0443066604 (pbk.)
020 ## - INTERNATIONAL STANDARD BOOK NUMBER
International Standard Book Number 9780443066603 (pbk.)
050 00 - LIBRARY OF CONGRESS CALL NUMBER
Classification number RB 45
Item number .D24 2006
245 00 - TITLE STATEMENT
Title Dacie and Lewis practical haematology /
Statement of responsibility, etc [edited by] S. Mitchell Lewis, Barbara J. Bain, Imelda Bates.
246 30 - VARYING FORM OF TITLE
Title proper/short title Practical haematology
250 ## - EDITION STATEMENT
Edition statement 10th ed.
260 ## - PUBLICATION, DISTRIBUTION, ETC. (IMPRINT)
Place of publication, distribution, etc Philadelphia :
Name of publisher, distributor, etc Churchill Livingstone/Elsevier,
Date of publication, distribution, etc c2006.
300 ## - PHYSICAL DESCRIPTION
Extent 722 p. :
Other physical details col. ill. ;
Dimensions 24 cm.
500 ## - GENERAL NOTE
General note Includes bibliographical references and index.
650 #0 - SUBJECT ADDED ENTRY--TOPICAL TERM
Topical term or geographic name as entry element Blood
General subdivision Examination.
9 (RLIN) 9586
650 #0 - SUBJECT ADDED ENTRY--TOPICAL TERM
Topical term or geographic name as entry element Hematology
General subdivision Technique.
9 (RLIN) 9587
650 12 - SUBJECT ADDED ENTRY--TOPICAL TERM
Topical term or geographic name as entry element Hematologic Diseases
General subdivision diagnosis.
9 (RLIN) 9588
650 12 - SUBJECT ADDED ENTRY--TOPICAL TERM
Topical term or geographic name as entry element Hematologic Tests.
9 (RLIN) 9589
650 22 - SUBJECT ADDED ENTRY--TOPICAL TERM
Topical term or geographic name as entry element Blood.
9 (RLIN) 8127
650 22 - SUBJECT ADDED ENTRY--TOPICAL TERM
Topical term or geographic name as entry element Laboratory Techniques and Procedures.
9 (RLIN) 7715
700 1# - ADDED ENTRY--PERSONAL NAME
Personal name Lewis, S. M.
Fuller form of name (Shirley Mitchell)
9 (RLIN) 9590
700 1# - ADDED ENTRY--PERSONAL NAME
Personal name Bain, Barbara J.
9 (RLIN) 9591
700 1# - ADDED ENTRY--PERSONAL NAME
Personal name Bates, Imelda.
9 (RLIN) 9592
700 1# - ADDED ENTRY--PERSONAL NAME
Personal name Dacie, John V.
Fuller form of name (John Vivian),
Titles and other words associated with a name Sir.
9 (RLIN) 9593
700 1# - ADDED ENTRY--PERSONAL NAME
Personal name Dacie, John V.
Fuller form of name (John Vivian),
Titles and other words associated with a name Sir. Practical haematology.
9 (RLIN) 9594
942 ## - ADDED ENTRY ELEMENTS (KOHA)
Source of classification or shelving scheme Library of Congress Classification
Koha item type
Holdings
Withdrawn status Lost status Source of classification or shelving scheme Damaged status Home library Current library Shelving location Date acquired Total Checkouts Full call number Barcode Date last seen Copy number Price effective from Koha item type
    Library of Congress Classification   South SEED-LPDH College Library South SEED-LPDH College Library South SEED-LPDH College Section 08/12/2013   RB 45 .D24 2006 SSLC0215 05/15/2018 1 08/12/2013 Books

Dacie and Lewis practical haematology /

APA

Lewis S. M., Bain B. J., Bates I., Dacie J. V. & Dacie J. V. (2006). Dacie and Lewis practical haematology. Philadelphia: Churchill Livingstone/Elsevier.

Chicago

Lewis S M, Bain Barbara J, Bates Imelda, Dacie John V and Dacie John V. 2006. Dacie and Lewis practical haematology. Philadelphia: Churchill Livingstone/Elsevier.

Harvard

Lewis S. M., Bain B. J., Bates I., Dacie J. V. and Dacie J. V. (2006). Dacie and Lewis practical haematology. Philadelphia: Churchill Livingstone/Elsevier.

MLA

Lewis S M, Bain Barbara J, Bates Imelda, Dacie John V and Dacie John V. Dacie and Lewis practical haematology. Philadelphia: Churchill Livingstone/Elsevier. 2006.

  • Place hold
  • Print
  • Cite
  • Add to your cart (remove)
  • Save record
    BIBTEX Dublin Core MARCXML MARC (non-Unicode/MARC-8) MARC (Unicode/UTF-8) MARC (Unicode/UTF-8, Standard) MODS (XML) RIS
  • More searches
    Search for this title in:
    Other Libraries (WorldCat) Other Databases (Google Scholar) Online Stores (Bookfinder.com) Open Library (openlibrary.org)

Exporting to Dublin Core...

SOUTHVILLE LIBRARY

Southville International School and Colleges Library

1281 Tropical Ave. Cor. Luxembourg St., BF Homes International, Las Pinas City

Tel. No. 8256374 / 252358 Loc. 117/146

Powered by Koha